000 00376nam a2200133 i 4500
001 bg
100 1 _aLEVINSON, Marc
245 0 _aNie tylko wolny rynek :
_bodrodzenie aktywnej polityki gospodarczej /
_cMarc Levinson.
260 _aWarszawa :
_bPaƄstw. Wydaw. Ekonomiczne,
_c1992.
040 _cBPK
041 _apol
942 _cKS
008 s pl f |000 0 pol
999 _c5621
_d5621
856 _uhttp://koha.tu.koszalin.pl/cgi-bin/koha/opac-detail.pl?biblionumber=5621
_yKatalog online BPK